000
00259nam a2200121Ia 4500
008
190216s9999||||xx |||||||||||||| ||und||
100
_a
Kamala Govind
245
0
_a
Ramyakam
260
_b
C I C C Book House
300
_a
305
650
_a
Novel
942
_c
BK
999
_c
27594
_d
27594